000 00681nam a2200289Ia 4500
005 20260324123610.0
008 008 260324s9999 xx 000 0 eng d
020 _a9780203890516
037 _aEBOOK
040 _aCRL
040 _beng
040 _cCRL
041 _2eng
041 _aeng
084 _qCRL
100 _aDrew Beisswenger
_91170919
245 0 _aNorth American Fiddle Music
245 2 _bA Research and Information Guide
260 _bTaylor and Francis
260 _c2011
365 _a
365 _b290
856 _uhttp://www.taylorfrancis.com/books/9780203890516
942 _cEBOOK
999 _c1764588
_d1764588